BIBLIOTECA PODER JUDICIAL
Portal Judicial TDF

Los derechos de los licenciatarios de servicios de TIC en la República Argentina, en un contexto de convergencia tecnológica / (Registro nro. 6181)

000 -LEADER
fixed length control field 01230nabaa22002177a 4500
003 - CONTROL NUMBER IDENTIFIER
control field OSt
005 - DATE AND TIME OF LATEST TRANSACTION
control field 20260125000955.0
008 - FIXED-LENGTH DATA ELEMENTS--GENERAL INFORMATION
fixed length control field 190701b xxu||||| |||| 00| 0 spa d
040 ## - CATALOGING SOURCE
Transcribing agency PJ
100 ## - MAIN ENTRY--PERSONAL NAME
9 (RLIN) 6923
Personal name Gambarini, Juan Pablo
245 13 - TITLE STATEMENT
Title Los derechos de los licenciatarios de servicios de TIC en la República Argentina, en un contexto de convergencia tecnológica /
Statement of responsibility, etc Juan Pablo Gambarini.
300 ## - PHYSICAL DESCRIPTION
Extent p. 36-66
500 ## - GENERAL NOTE
General note Cita: TR LALEY AR/DOC/1655/2024
505 ## - FORMATTED CONTENTS NOTE
Formatted contents note Sumario: I. Introducción.— II. Servicios de tecnologías de la información y las comunicaciones (servicios de TIC).— III. Marco normativo.— IV. Licencias y licenciatarios.— V. El inicio de las actividades. El ejercicio de los derechos de los licenciatarios y sus efectos.— VI. Los derechos de los licenciatarios frente al dominio público.— VII. Conclusión.
505 ## - FORMATTED CONTENTS NOTE
Title ¿Te interesa el texto completo? Comunicate al correo: koha@justierradelfuego.gov.ar
650 #0 - SUBJECT ADDED ENTRY--TOPICAL TERM
9 (RLIN) 211
Topical term or geographic name as entry element DERECHO ADMINISTRATIVO
650 #0 - SUBJECT ADDED ENTRY--TOPICAL TERM
Topical term or geographic name as entry element BIEN DEL DOMINIO PUBLICO
650 #0 - SUBJECT ADDED ENTRY--TOPICAL TERM
Topical term or geographic name as entry element LICENCIA DE TECNOLOGIA
773 0# - HOST ITEM ENTRY
Host Biblionumber 2842
Host Itemnumber 3251
Place, publisher, and date of publication Buenos Aires : AbeledoPerrot, 2012-
Other item identifier DA121
Title Derecho administrativo. Nº 154 julio/agosto 2024
International Standard Book Number 18510590
942 ## - ADDED ENTRY ELEMENTS (KOHA)
Source of classification or shelving scheme
Koha item type Analítica Artículo de Revista

No hay ítems disponibles.

12 de Octubre 789 Ushuaia - Tel:  54(02901)441571
Horario de Atención: 8.00 a 17.00 hs. 
bibliotecaush@justierradelfuego.gov.ar
koha@justierradelfuego.gov.ar
Seguinos en nuestras redes @bibliojustdf 

Con tecnología Koha